Normal view
MARC view
- Information Systems
Entry Topical Term
001 - CONTROL NUMBER
- control field: 205
003 - CONTROL NUMBER IDENTIFIER
- control field: JO-AjAnu
005 - DATE AND TIME OF LATEST TRANSACTION
- control field: 20230606070332.0
008 - FIXED-LENGTH DATA ELEMENTS
- fixed length control field: 230606|| aca||aabn | a|a d
040 ## - CATALOGING SOURCE
- Original cataloging agency: JO-AjAnu
- Transcribing agency: JO-AjAnu
150 ## - HEADING--TOPICAL TERM
- Topical term or geographic name entry element: Information Systems
670 ## - SOURCE DATA FOUND
- Source citation: Work cat.: (JO-AjAnu)107: Mishra,Jibitesh/Mohanty,Ashok, author 204, Design of Information Systems A Modern Approach